00936 2200277 4500001002100000005001700021008004100038020002200079035002400101041000800125043001200133082001300145090002000158100001800178245019700196250001100393260003800404300003000442504001700472650002500489700007200514850001200586990002000598990002000618990002000638YOGYA-0511000000003620110502104712.0 ind  a978-602-8764-31-5 0010-051100000000036 aInd aYOPDYOG a616.6921 a616.6921bHil V aHill, Aubry M aViropause- Andropause Menopouese Laki-laki = perubahan-perubahan emosional dan fisik yang dialami laki-laki peruh bayacAubry M. Hill ; penerjemah, Akmal Dede Muhammad, Tri Hastuti Kartikarini aCet. 1 aYogyakartabPustaka Pelajarc2010 axiv, 296 hlmbIlusc21 cm ahlm. 288-296 aMebopause- Laki-laki aHariati, Emmy Nur . Muhammad, Akmal Dede. Kartikartini, Tri Hastuti aYOPDYOG a52137-PD/B10b1 a52136-PD/B10b1 a52132-PD/B10b1